000 00625nam a22001697a 4500
999 _c20097
_d20097
008 240408b ||||| |||| 00| 0 eng d
020 _a9710840819
082 _aDFil 343.04599
_bN72 1988
100 _aNolledo, Jose N.
_956391
245 _aThe national internal revenue code of the Philippines :
_bre-numbered and re-arranged by executive order no. 273 /
_cJose N. Nolledo.
250 _a1988 revised edition.
260 _aManila :
_bNational Book Store, Inc.,
_c©1988.
300 _av, 266 pages :
_billustrations ;
_c22 cm.
500 _aIncludes appendices.
650 _aInternal revenue.
_956412
942 _2ddc
_cDFIL